Open Data Biblioteca Nacional de Portugal


República Portuguesa: Ministério da Cultura
Biblioteca Nacional de Portugal

Catálogo da BNP: acesso por Identificadores Unívocos
Registos Bibliográficos associados ao registo de autoridade

Etiqueta de registo: 00000nam 2200025 450
001 2279744
003 http://id.bnportugal.gov.pt/bib/catbnp/2279744
100 ## $a20260312d2025 k y0pory01030103ba
101 0# $apor$deng
102 ## $aPT
105 ## $aa m 000yy
106 ## $ar
200 1# $a Os géneros textuais nos manuais de ensino primário em Moçambique$equestões culturais e desenvolvimento de competências linguísticas$dTextual genres in primary education textbooks in Mozambique$ecultural issues and development of linguistic competences$fNarciso Montanha Narciso$gorient. Rosa Lídia Torres do Couto Coimbra e Silva, Maria Inês Almeida Cardoso$zeng
210 #9 $aAveiro$c[s.n.],$d2025
215 ## $aXV f., 236 p.$cil.$d30 cm
328 #1 $aTese dout. Ciências da Linguagem, Universidade de Aveiro, 2025
510 1# $aTextual genres in primary education textbooks in Mozambique$ecultural issues and development of linguistic competences$zeng
675 ## $a811.134.3'366(043)$vBN$zpor$3556459
675 ## $a37.091.64(679)(043)$vBN$zpor$31996104
700 #1 $aNarciso,$bNarciso Montanha$31991059
702 #1 $aSilva,$bRosa Lídia Torres do Couto Coimbra e,$f1963-$4727$3520059
702 #1 $aCardoso,$bMaria Inês Almeida,$f1981-$4727$31439356
801 #0 $aPT$bBN$gRPC
966 ## $lBN$mFGMON$sL. 181462 V.$x1
971 ## $corlando$d20260312
972 ## $e0$z0$d20260427$vasantos
973 ## $caalmeid$d20260417

OpendataBNP@bnportugal.pt | Mais informação sobre acesso aos dados BNP